Adrenalin and Stress (Record no. 83)
[ view plain ]
| 000 -LEADER | |
|---|---|
| fixed length control field | 00402nam a22001457a 4500 |
| 008 - FIXED-LENGTH DATA ELEMENTS--GENERAL INFORMATION | |
| fixed length control field | 250516b |||||||| |||| 00| 0 eng d |
| 020 ## - INTERNATIONAL STANDARD BOOK NUMBER | |
| International Standard Book Number | 0849932637 |
| 100 ## - MAIN ENTRY--PERSONAL NAME | |
| Personal name | Hart, Archibald D |
| Language of a work | English language |
| 245 ## - TITLE STATEMENT | |
| Title | Adrenalin and Stress |
| Statement of responsibility, etc. | Hart, Archibald D. |
| 260 ## - PUBLICATION, DISTRIBUTION, ETC. | |
| Place of publication, distribution, etc. | Dallas-London, |
| Name of publisher, distributor, etc. | Word publishing |
| Date of publication, distribution, etc. | 1991. |
| 300 ## - PHYSICAL DESCRIPTION | |
| Extent | xiii, |
| Other physical details | 209p; |
| Dimensions | 17cm. |
| 500 ## - GENERAL NOTE | |
| Institution to which field applies | kku |
| 942 ## - ADDED ENTRY ELEMENTS (KOHA) | |
| Source of classification or shelving scheme | Library of Congress Classification |
No items available.
